000 01055nas a2200349 4500
001 BR2017001491
003 BR-BrBNA
005 20231205130947.0
007 ta
008 230509b bl.|||p| |||| 00| 00por d
040 _aBR-BrBNA
_bpor
_cBiblioteca Nacional de Agricultura
041 _a(Pt)
072 _aJ11
100 1 _aFerraz, D.M.M.
100 1 _aBlum, L.E.B.
100 1 _aCruz, A.F.
100 1 _aVasconcelos, T.M.M. de
100 1 _aUesugi, C.H.
100 1 _aBarreto, M.L.A.
245 1 _aEfeito do cloreto de cálcio sobre a antracnose e características de frutos de goiaba em pós-colheita
650 _aGOIABA
650 _aPÓS-COLHEITA
650 _aANTRACNOSE
650 _aARMAZENAMENTO
650 _aCONTROLE QUÍMICO
650 _aCOMERCIALIZAÇÃO
650 _aCONTROLE DE QUALIDADE
773 0 _tAgrotrópica (Brazil)
_xISSN 0103-3816
_g(Sep-Dec 2016), v. 28(3) p. 311-318
_wBR2017001491
856 4 0 _dLink DSPACE/MAPA BR2017001491
909 _a202311
_bLúcia
_c55
_dLúcia Elande
942 _2AGRIS
_n0
_cANA
999 _c252288
_d252288